000 00873nam a22002777a 4500
003 CHAP
005 20220329134339.0
008 971013s1978 r 00010 d
010 _a19113
011 _a20085
035 _a24173
040 _cCHAP
082 _a307.2
_bA55
100 0 0 _aAllen, T. Harrell.
_94411
245 _aNew methods in social science research; policy sciences and futures research
260 _aNew York :
_bPraeger,
_c1978
300 _a157 p.
_b: ilus
590 _aBATCH-UPD
_b10
_c20130110
_lUCH01
_h2024
590 _aBATCH-UPD
_b10
_c20130410
_lUCH01
_h1341
590 _aBATCH-UPD
_b10
_c20130914
_lUCH01
_h0938
590 _aCONVERSION
_b10
_c20130109
_lUCH01
_h1312
650 1 4 _aCiencias sociales
_xInvestigación.
_923226
901 _aBK
942 _cLIBRO
949 _a307.2 A55
_bBC
_cLIBRO
_d33724000289401
_eLIBRO
_h55243
_i24173
_si
_t864.00
999 _c19113
_d19113